|
|
|
|
| LEADER |
00561nam a2200145Ia 4500 |
| 001 |
24919 |
| 008 |
170722s9999 xx 000 0 und d |
| 100 |
|
|
|a Goldberg, Edward D.
|
| 245 |
|
|
|a Health of the oceans /
|
| 260 |
|
|
|b Unesco Press ,
|c 1976.
|
| 300 |
|
|
|a 172 p.
|c 22cms
|
| 942 |
|
|
|c GEN
|
| 999 |
|
|
|c 92155
|d 92155
|
| 952 |
|
|
|0 0
|1 0
|4 0
|6 G_5555524_L6L61
|7 0
|8 LC1
|9 129370
|a LIB
|b LIB
|d 2017-08-12
|h LC1
|o G:5555:524 L6-L6;1
|p 167964
|r 2017-08-12
|w 2017-08-12
|y GEN
|
| 952 |
|
|
|0 0
|1 0
|4 0
|6 G_5555524_L6L61
|7 0
|9 129371
|a LIB
|b LIB
|d 2017-08-12
|o G:5555:524 L6-L6;1
|p 170491
|r 2017-08-12
|w 2017-08-12
|y GEN
|